书目信息 |
| 题名: |
全国总书目
|
|
| 作者: | ;中国版本图书馆 编 | |
| 分册: | ||
| 出版信息: | 北京 中华书局 1988.12 |
|
| 页数: | 1948页 | |
| 开本: | 20cm | |
| 丛书名: | ||
| 单 册: | ||
| 中图分类: | Z812.1 | |
| 科图分类: | ||
| 主题词: | 国家书目 | |
| 电子资源: | ||
| ISBN: | 7-101-00513-6 | |
| 000 | 00604nam0 2200193 450 | |
| 001 | 1138434243 | |
| 005 | 20110620104222.07 | |
| 010 | @a7-101-00513-6@dCNY34.00 | |
| 100 | @a20110620d1988 km y0chiy0120 ea | |
| 101 | 0 | @achi |
| 102 | @aCN@b110000 | |
| 200 | 1 | @a全国总书目@Aquan guo zong shu mu@f中国版本图书馆编@Fzhong guo ban ben tu shu guan bian |
| 210 | @a北京@c中华书局@d1988.12 | |
| 215 | @a1948页@d20cm | |
| 606 | 0 | @a国家书目 |
| 690 | @aZ812.1@v4 | |
| 711 | 02 | @a中国版本图书馆@Azhong guo ban ben tu shu guan@4编 |
| 801 | 0 | @aCN@b大连网信软件有限公司图书馆·11@c20110620 |
| 905 | @aZUCC@dZ812.1@eZ548 | |
| 全国总书目/中国版本图书馆编.-北京:中华书局,1988.12 |
| 1948页;20cm |
| ISBN 7-101-00513-6:CNY34.00 |
| ● |
| 相关链接 |
|
|
|
正题名:全国总书目
索取号:Z812.1/Z548
 
预约/预借
| 序号 | 登录号 | 条形码 | 馆藏地/架位号 | 状态 | 备注 |
| 1 | 466497 | 204664979 | 自科库501/504自科库 27排1列1层/ [索取号:Z812.1/Z548] | 在馆 |